[Event "18. Obert Int. Sant Marti 2016 - B"]
[Site "Barcelona ESP"]
[Date "2016.07.14"]
[Round "2.31"]
[White "Parayre Soguero, Jordi"]
[Black "Martos Martin, Josep Angel"]
[Result "1/2-1/2"]
[WhiteElo "1918"]
[BlackElo "1981"]
[PlyCount "64"]
[EventDate "2016.07.13"]
[EventType "swiss"]
[EventRounds "9"]
[EventCountry "ESP"]
[SourceTitle "Ajedrez en Madrid"]
[Source "lmi"]
[SourceDate "2016.07.13"]
[SourceVersion "1"]
[SourceVersionDate "2019.06.21"]
[SourceQuality "1"]

1. d4 Nf6 2. c4 g6 3. Nc3 Bg7 4. e4 d6 5. Nf3 O-O 6. Be2 e5 7. O-O exd4 8. Nxd4
Re8 9. f3 Nc6 10. Be3 Nh5 11. Nxc6 bxc6 12. g4 Nf6 13. Qd2 Be6 14. Rfd1 Qe7 15.
Rac1 Red8 16. Bg5 Bd7 17. Qf4 Qe6 18. c5 Be8 19. Rd2 h6 20. Bxh6 Bxh6 21. Qxh6
dxc5 22. Rcd1 Rd6 23. h4 Rad8 24. Kg2 Rxd2 25. Rxd2 Rxd2 26. Qxd2 Qd6 27. Qg5
Nh7 28. Qh6 Qd4 29. Qf4 Qd8 30. Kg3 Nf8 31. Bc4 Qd4 32. e5 Qg1+ 1/2-1/2

[Event "18. Obert Int. Sant Marti 2016 - B"]
[Site "Barcelona ESP"]
[Date "2016.07.14"]
[Round "2.32"]
[White "Palacios Pena, Gerardo"]
[Black "Di Fiori Piccolo, Elcio"]
[Result "1-0"]
[WhiteElo "1903"]
[BlackElo "1666"]
[PlyCount "31"]
[EventDate "2016.07.13"]
[EventType "swiss"]
[EventRounds "9"]
[EventCountry "ESP"]
[SourceTitle "Ajedrez en Madrid"]
[Source "lmi"]
[SourceDate "2016.07.13"]
[SourceVersion "1"]
[SourceVersionDate "2019.06.21"]
[SourceQuality "1"]

1. d4 Nf6 2. Nf3 e6 3. Bf4 Bb4+ 4. c3 Be7 5. h3 b6 6. Nbd2 Bb7 7. e3 O-O 8. Bd3
d5 9. Ne5 Nbd7 10. Qf3 c5 11. g4 c4 12. Bc2 h6 13. h4 g5 14. hxg5 Nxe5 15. dxe5
hxg5 16. Qh3 1-0

[Event "18. Obert Int. Sant Marti 2016 - B"]
[Site "Barcelona ESP"]
[Date "2016.07.14"]
[Round "2.33"]
[White "Moreno Perez, Norberto"]
[Black "Febrero Perez, Lluis"]
[Result "1-0"]
[WhiteElo "1886"]
[BlackElo "1642"]
[PlyCount "91"]
[EventDate "2016.07.13"]
[EventType "swiss"]
[EventRounds "9"]
[EventCountry "ESP"]
[SourceTitle "Ajedrez en Madrid"]
[Source "lmi"]
[SourceDate "2016.07.13"]
[SourceVersion "1"]
[SourceVersionDate "2019.06.21"]
[SourceQuality "1"]

1. e4 e5 2. Bc4 Nf6 3. Nc3 Bc5 4. Nge2 O-O 5. O-O Nc6 6. a3 a6 7. d3 b5 8. Ba2
Bb7 9. Bg5 h6 10. Bh4 Be7 11. Bg3 d6 12. f4 exf4 13. Nxf4 Ne5 14. Qe2 c5 15.
Ncd5 Nxd5 16. Nxd5 Bh4 17. Bxe5 dxe5 18. Rf5 Bxd5 19. Bxd5 Ra7 20. Raf1 Bf6 21.
Qg4 Kh7 22. R1f3 c4 23. Rxf6 gxf6 24. Qf5+ Kh8 25. Rh3 Kg7 26. Qg4+ Kh7 27. Qh5
Qb6+ 28. Kf1 f5 29. Qxf5+ Qg6 30. Qxe5 f5 31. Rf3 Rg7 32. g3 cxd3 33. cxd3 Qg5
34. exf5 Re7 35. Be6 Rfe8 36. Qe4 Qc1+ 37. Kg2 Qxb2+ 38. Kh3 Qf6 39. d4 Kg7 40.
d5 Rd8 41. Rf4 Kf8 42. Rg4 Rg7 43. Qb4+ Ke8 44. Re4 Re7 45. Qc5 Qg7 46. d6 1-0

[Event "18. Obert Int. Sant Marti 2016 - B"]
[Site "Barcelona ESP"]
[Date "2016.07.14"]
[Round "2.34"]
[White "Gomez Parla, Josep"]
[Black "Sanchez Coves, Juan Josep"]
[Result "0-1"]
[WhiteElo "1876"]
[BlackElo "1610"]
[PlyCount "62"]
[EventDate "2016.07.13"]
[EventType "swiss"]
[EventRounds "9"]
[EventCountry "ESP"]
[SourceTitle "Ajedrez en Madrid"]
[Source "lmi"]
[SourceDate "2016.07.13"]
[SourceVersion "1"]
[SourceVersionDate "2019.06.21"]
[SourceQuality "1"]

1. e4 c5 2. Nc3 a6 3. Nf3 Nc6 4. d4 cxd4 5. Nxd4 e5 6. Nxc6 dxc6 7. Qxd8+ Kxd8
8. Bc4 f6 9. Be3 Bb4 10. O-O-O+ Kc7 11. Na4 b5 12. Nb6 Rb8 13. Bxg8 Rxg8 14.
Nxc8 Rbxc8 15. c3 Ba5 16. b4 Bb6 17. Bxb6+ Kxb6 18. Rd7 c5 19. bxc5+ Rxc5 20.
Kb2 Rgc8 21. Rhd1 Rxc3 22. R1d6+ Ka5 23. Rd2 Kb4 24. Rxg7 a5 25. Rg3 Rxg3 26.
hxg3 Rc4 27. f3 Rd4 28. Rc2 Rd3 29. Kc1 Rc3 30. f4 Rxc2+ 31. Kxc2 Kc4 0-1

[Event "18. Obert Int. Sant Marti 2016 - B"]
[Site "Barcelona ESP"]
[Date "2016.07.14"]
[Round "2.35"]
[White "Minko, Olga"]
[Black "Abarca Garcia, Xavier"]
[Result "0-1"]
[WhiteElo "1509"]
[BlackElo "1864"]
[PlyCount "68"]
[EventDate "2016.07.13"]
[EventType "swiss"]
[EventRounds "9"]
[EventCountry "ESP"]
[SourceTitle "Ajedrez en Madrid"]
[Source "lmi"]
[SourceDate "2016.07.13"]
[SourceVersion "1"]
[SourceVersionDate "2019.06.21"]
[SourceQuality "1"]

1. e4 c5 2. Nf3 Nc6 3. d4 cxd4 4. Nxd4 g6 5. Nc3 Bg7 6. Be3 Nf6 7. Bc4 Qa5 8.
f3 Qb4 9. Bb3 Nxe4 10. Nxc6 Bxc3+ 11. bxc3 Qxc3+ 12. Ke2 dxc6 13. Bd4 e5 14.
Re1 Qxd4 15. Qxd4 exd4 16. Kd3 O-O 17. Kxe4 c5 18. Kd5 b6 19. Kc6 Ba6 20. Bd5
Rfd8 21. Re7 Rac8+ 22. Rc7 Rxc7+ 23. Kxc7 Rxd5 24. Kc6 Bc4 25. a4 Kf8 26. Re1
Rd8 27. Kb7 Re8 28. Rxe8+ Kxe8 29. Kxa7 b5 30. axb5 Bxb5 31. Kb6 c4 32. Kxb5 d3
33. Kxc4 dxc2 34. Kd4 c1=Q 0-1

[Event "18. Obert Int. Sant Marti 2016 - B"]
[Site "Barcelona ESP"]
[Date "2016.07.14"]
[Round "2.36"]
[White "Poyato Ruiz, Fernando"]
[Black "Rodriguez Beltran, Fernando"]
[Result "1/2-1/2"]
[WhiteElo "1840"]
[BlackElo "1602"]
[PlyCount "48"]
[EventDate "2016.07.13"]
[EventType "swiss"]
[EventRounds "9"]
[EventCountry "ESP"]
[SourceTitle "Ajedrez en Madrid"]
[Source "lmi"]
[SourceDate "2016.07.13"]
[SourceVersion "1"]
[SourceVersionDate "2019.06.21"]
[SourceQuality "1"]

1. d4 d5 2. c4 c6 3. Nc3 dxc4 4. a4 e5 5. e3 exd4 6. exd4 Be6 7. Nf3 Nf6 8. Ne5
Nbd7 9. Nxc4 Nb6 10. Ne3 Bb4 11. Be2 Nbd5 12. Nexd5 Nxd5 13. Qc2 Qh4 14. Qd3
O-O-O 15. O-O Nf4 16. Bxf4 Qxf4 17. Rfd1 h5 18. a5 Bc5 19. a6 b6 20. Qf3 Qxf3
21. Bxf3 Bxd4 22. Bxc6 Bxc3 23. Bb7+ Kb8 24. bxc3 Bc8 1/2-1/2

[Event "18. Obert Int. Sant Marti 2016 - B"]
[Site "Barcelona ESP"]
[Date "2016.07.14"]
[Round "2.37"]
[White "Ylla Soro, Rafael"]
[Black "Martin Valentin, Francisco"]
[Result "1/2-1/2"]
[WhiteElo "1559"]
[BlackElo "1836"]
[PlyCount "44"]
[EventDate "2016.07.13"]
[EventType "swiss"]
[EventRounds "9"]
[EventCountry "ESP"]
[SourceTitle "Ajedrez en Madrid"]
[Source "lmi"]
[SourceDate "2016.07.13"]
[SourceVersion "1"]
[SourceVersionDate "2019.06.21"]
[SourceQuality "1"]

1. e4 c6 2. d4 d5 3. e5 Bf5 4. Nf3 e6 5. Be2 c5 6. c3 Nc6 7. O-O Qb6 8. a3 a5
9. a4 Be4 10. Bb5 Bxf3 11. gxf3 h5 12. Na3 Nh6 13. Bxh6 Rxh6 14. Nc2 g5 15. Kh1
Be7 16. Rg1 O-O-O 17. Qd2 Rdh8 18. f4 gxf4 19. Qxf4 Nd8 20. Rg7 Bf8 21. Rg5 Be7
22. Rg7 Bf8 1/2-1/2

[Event "18. Obert Int. Sant Marti 2016 - B"]
[Site "Barcelona ESP"]
[Date "2016.07.14"]
[Round "2.38"]
[White "Corominas Garrido, Antonio"]
[Black "Brunet Gil, Pol"]
[Result "1/2-1/2"]
[WhiteElo "1824"]
[BlackElo "1524"]
[PlyCount "60"]
[EventDate "2016.07.13"]
[EventType "swiss"]
[EventRounds "9"]
[EventCountry "ESP"]
[SourceTitle "Ajedrez en Madrid"]
[Source "lmi"]
[SourceDate "2016.07.13"]
[SourceVersion "1"]
[SourceVersionDate "2019.06.21"]
[SourceQuality "1"]

1. c4 c6 2. Nc3 d5 3. cxd5 cxd5 4. d4 Nf6 5. Nf3 Nc6 6. Bg5 e6 7. e3 Be7 8. Rc1
Bd7 9. Bd3 Rc8 10. O-O O-O 11. a3 Ne8 12. Bf4 h6 13. h3 Bd6 14. Ne5 Nxe5 15.
dxe5 Be7 16. Qh5 Bg5 17. Bg3 f5 18. Ne2 Kh7 19. Rxc8 Bxc8 20. Nf4 Bxf4 21. Bxf4
g5 22. Bg3 Ng7 23. Qe2 Qc7 24. h4 gxh4 25. Bxh4 Qxe5 26. Rc1 Qd6 27. Qc2 Bd7
28. Qc7 Qxc7 29. Rxc7 Bc6 30. Bg3 Kg8 1/2-1/2

[Event "18. Obert Int. Sant Marti 2016 - B"]
[Site "Barcelona ESP"]
[Date "2016.07.14"]
[Round "2.39"]
[White "Garcia Ramos, Anais"]
[Black "Pereda Villalba, Julian"]
[Result "1-0"]
[WhiteElo "1392"]
[BlackElo "1824"]
[PlyCount "119"]
[EventDate "2016.07.13"]
[EventType "swiss"]
[EventRounds "9"]
[EventCountry "ESP"]
[SourceTitle "Ajedrez en Madrid"]
[Source "lmi"]
[SourceDate "2016.07.13"]
[SourceVersion "1"]
[SourceVersionDate "2019.06.21"]
[SourceQuality "1"]

1. e4 e5 2. Nf3 Nc6 3. Bc4 Be7 4. O-O Nf6 5. Nc3 O-O 6. d4 exd4 7. Nxd4 Ne5 8.
Bb3 d6 9. h3 Bd7 10. Be3 Nc6 11. Nxc6 Bxc6 12. Bd5 Qd7 13. Bxc6 Qxc6 14. Nd5
Bd8 15. Bg5 Nxd5 16. exd5 Qb5 17. Bxd8 Raxd8 18. Qd4 Rfe8 19. Rfe1 a6 20. a4
Qd7 21. Kf1 h6 22. Rxe8+ Rxe8 23. Re1 b6 24. Rxe8+ Qxe8 25. f3 Qd7 26. Ke2 Qf5
27. Qe4 Qd7 28. g4 a5 29. b3 g6 30. f4 Kg7 31. f5 g5 32. Qd4+ Kh7 33. Kd3 Qe7
34. Qe4 Qf6 35. c3 h5 36. gxh5 Kh6 37. Qg4 Qe5 38. Qf3 Qe1 39. Kc4 Qe5 40. Kb5
Qe8+ 41. Kc4 Qe5 42. b4 axb4 43. cxb4 Qa1 44. Kb5 Qe5 45. Kc6 Qe7 46. Qd3 Qe1
47. Qd4 Qe8+ 48. Kxc7 Qe7+ 49. Kxb6 Qd8+ 50. Kc6 Kxh5 51. a5 Qc8+ 52. Kxd6 Qxf5
53. Qh8+ Kg6 54. a6 Qf4+ 55. Kc5 Qc7+ 56. Kb5 Qd7+ 57. Kc4 Qc7+ 58. Kb3 Qc1 59.
Qc3 Qd1+ 60. Qc2+ 1-0

[Event "18. Obert Int. Sant Marti 2016 - B"]
[Site "Barcelona ESP"]
[Date "2016.07.14"]
[Round "2.41"]
[White "Martin Arranz, Lluis"]
[Black "De Figueiredo Coutinho, Rocco"]
[Result "1-0"]
[WhiteElo "1771"]
[BlackElo "1474"]
[PlyCount "71"]
[EventDate "2016.07.13"]
[EventType "swiss"]
[EventRounds "9"]
[EventCountry "ESP"]
[SourceTitle "Ajedrez en Madrid"]
[Source "lmi"]
[SourceDate "2016.07.13"]
[SourceVersion "1"]
[SourceVersionDate "2019.06.21"]
[SourceQuality "1"]

1. e4 e5 2. Nf3 Nc6 3. Bb5 a6 4. Ba4 Nf6 5. O-O Be7 6. Re1 b5 7. Bb3 d6 8. c3
Na5 9. Bc2 c5 10. d3 O-O 11. Nbd2 Qc7 12. Nf1 Bg4 13. Ng3 Rfc8 14. h3 Be6 15.
Nh4 b4 16. Nhf5 Bxf5 17. Nxf5 Bf8 18. Bg5 Nd7 19. Qg4 f6 20. Bh6 Nb6 21. Rac1
bxc3 22. bxc3 Qf7 23. Bxg7 Qg6 24. Bxf8 Kxf8 25. Rb1 Qxg4 26. hxg4 Rc6 27. Re3
Rd8 28. Rh3 Rd7 29. c4 Nb7 30. Rh6 Rf7 31. f3 Nd8 32. Kf2 Ne6 33. Rbh1 Kg8 34.
Rxf6 Rxf6 35. Ne7+ Kg7 36. Nxc6 1-0

[Event "18. Obert Int. Sant Marti 2016 - B"]
[Site "Barcelona ESP"]
[Date "2016.07.14"]
[Round "2.43"]
[White "Capellades Molero, Josep"]
[Black "Valero Recalde, Pablo"]
[Result "0-1"]
[WhiteElo "1468"]
[BlackElo "1734"]
[PlyCount "68"]
[EventDate "2016.07.13"]
[EventType "swiss"]
[EventRounds "9"]
[EventCountry "ESP"]
[SourceTitle "Ajedrez en Madrid"]
[Source "lmi"]
[SourceDate "2016.07.13"]
[SourceVersion "1"]
[SourceVersionDate "2019.06.21"]
[SourceQuality "1"]

1. e4 c5 2. Bc4 g6 3. Nc3 Bg7 4. Nf3 d6 5. O-O Nc6 6. a3 Nf6 7. d3 O-O 8. Bf4
Bg4 9. h3 Bxf3 10. Qxf3 Nd4 11. Qd1 Nd7 12. Nd5 b5 13. Ba2 Ne5 14. c3 Ndc6 15.
Qd2 e6 16. Ne3 Qe7 17. Bxe5 Bxe5 18. Ng4 Bg7 19. Rad1 a5 20. f4 Qa7 21. f5 c4+
22. Kh1 h5 23. Nh6+ Kh7 24. fxg6+ fxg6 25. Ng4 Rxf1+ 26. Rxf1 hxg4 27. hxg4 Ne5
28. g5 Rf8 29. Rxf8 Bxf8 30. dxc4 bxc4 31. Qf4 Kg8 32. b3 Qf7 33. Qxf7+ Kxf7
34. bxc4 Be7 0-1

[Event "18. Obert Int. Sant Marti 2016 - B"]
[Site "Barcelona ESP"]
[Date "2016.07.14"]
[Round "2.46"]
[White "Tsulaia, Mariam"]
[Black "Julia Yebra, David"]
[Result "0-1"]
[WhiteElo "1588"]
[BlackElo "1822"]
[PlyCount "68"]
[EventDate "2016.07.13"]
[EventType "swiss"]
[EventRounds "9"]
[EventCountry "ESP"]
[SourceTitle "Ajedrez en Madrid"]
[Source "lmi"]
[SourceDate "2016.07.13"]
[SourceVersion "1"]
[SourceVersionDate "2019.06.21"]
[SourceQuality "1"]

1. f4 d6 2. Nf3 Nf6 3. e3 c6 4. d4 g6 5. Nbd2 Bg7 6. Bd3 Qc7 7. h3 Nbd7 8. c3
Nb6 9. e4 c5 10. Bb5+ Nfd7 11. e5 d5 12. Nb3 cxd4 13. Nbxd4 e6 14. Ng5 Ke7 15.
b3 Qxc3+ 16. Kf1 Qa5 17. a4 Qc3 18. Ba3+ Ke8 19. a5 a6 20. Bxd7+ Nxd7 21. Rc1
Qxa5 22. Ngxe6 fxe6 23. Nxe6 Qxa3 24. Nc7+ Kf8 25. Nxa8 Ke7 26. Kf2 Qb4 27. g3
Nxe5 28. Qxd5 Be6 29. Rc7+ Nd7 30. Rxd7+ Bxd7 31. Re1+ Kd8 32. Qg5+ Kc8 33.
Rc1+ Kb8 34. Nc7 Qd2+ 0-1

[Event "18. Obert Int. Sant Marti 2016 - B"]
[Site "Barcelona ESP"]
[Date "2016.07.14"]
[Round "2.47"]
[White "Martinez Medina, Jose Juan"]
[Black "Arroyo Mateo, Jose Miguel"]
[Result "1-0"]
[WhiteElo "1534"]
[BlackElo "1811"]
[PlyCount "61"]
[EventDate "2016.07.13"]
[EventType "swiss"]
[EventRounds "9"]
[EventCountry "ESP"]
[SourceTitle "Ajedrez en Madrid"]
[Source "lmi"]
[SourceDate "2016.07.13"]
[SourceVersion "1"]
[SourceVersionDate "2019.06.21"]
[SourceQuality "1"]

1. e4 d6 2. d4 Nf6 3. Nc3 g6 4. Be2 c6 5. Be3 b5 6. a3 Bg7 7. g4 Bb7 8. h4 h5
9. g5 Nfd7 10. f4 Qc7 11. Nf3 Nb6 12. b3 N8d7 13. Qd2 a5 14. O-O c5 15. Nxb5
Qc8 16. Bd3 cxd4 17. Bxd4 Bxd4+ 18. Nfxd4 Nc5 19. Qg2 Ba6 20. a4 Bb7 21. Rae1
Nbd7 22. Qh3 Na6 23. e5 dxe5 24. fxe5 O-O 25. e6 fxe6 26. Qxe6+ Kh8 27. Qxg6
Rxf1+ 28. Rxf1 Nf6 29. Qh6+ Kg8 30. Bc4+ Nd5 31. Ne6 1-0

[Event "18. Obert Int. Sant Marti 2016 - B"]
[Site "Barcelona ESP"]
[Date "2016.07.14"]
[Round "2.48"]
[White "Salazar Navas, Josep"]
[Black "Riera Mestres, Josep"]
[Result "1-0"]
[WhiteElo "1790"]
[BlackElo "1530"]
[PlyCount "87"]
[EventDate "2016.07.13"]
[EventType "swiss"]
[EventRounds "9"]
[EventCountry "ESP"]
[SourceTitle "Ajedrez en Madrid"]
[Source "lmi"]
[SourceDate "2016.07.13"]
[SourceVersion "1"]
[SourceVersionDate "2019.06.21"]
[SourceQuality "1"]

1. e4 g6 2. Nc3 d6 3. d4 Bg7 4. Bc4 e6 5. Nf3 Ne7 6. Bg5 h6 7. Bh4 O-O 8. Qe2
Nd7 9. e5 dxe5 10. Nxe5 Nxe5 11. dxe5 a6 12. Rd1 Qe8 13. Bf6 b5 14. Bxg7 Kxg7
15. Qf3 Rb8 16. Qf6+ Kh7 17. Bd3 Bb7 18. O-O Rd8 19. h4 h5 20. Qg5 Rh8 21. Ne4
Bxe4 22. Bxe4 c6 23. Qxh5+ Kg8 24. Qg5 Rh5 25. Qf6 Nd5 26. Bxd5 Rxd5 27. Rxd5
cxd5 28. g4 Rh7 29. Rd1 Qc8 30. c3 Qc4 31. Rd4 Qxa2 32. Qd8+ Kg7 33. Qf6+ Kf8
34. Rf4 Qa5 35. Qxg6 Rg7 36. Qxe6 Qd8 37. Qh6 Qe7 38. Qd6 Qxd6 39. exd6 Ke8 40.
f3 Kd7 41. Rf6 Ke8 42. Kf2 Rg6 43. Rxg6 fxg6 44. h5 1-0

[Event "18. Obert Int. Sant Marti 2016 - B"]
[Site "Barcelona ESP"]
[Date "2016.07.14"]
[Round "2.49"]
[White "Garcia Punzano, Josep Lluis"]
[Black "Bienvenido Kleque, Jose"]
[Result "1-0"]
[WhiteElo "1785"]
[BlackElo "1494"]
[PlyCount "61"]
[EventDate "2016.07.13"]
[EventType "swiss"]
[EventRounds "9"]
[EventCountry "ESP"]
[SourceTitle "Ajedrez en Madrid"]
[Source "lmi"]
[SourceDate "2016.07.13"]
[SourceVersion "1"]
[SourceVersionDate "2019.06.21"]
[SourceQuality "1"]

1. d4 d5 2. c4 c6 3. Nc3 Nf6 4. Bg5 e6 5. e3 Be7 6. Nf3 Nbd7 7. Be2 O-O 8. O-O
dxc4 9. Bxc4 Nd5 10. Bxe7 Qxe7 11. a3 Nxc3 12. bxc3 Nf6 13. Qd3 b6 14. e4 Bb7
15. e5 Nd7 16. Bb3 Rfd8 17. Bc2 Nf8 18. Qe3 Rd7 19. Nd2 Rad8 20. Ne4 c5 21. Nd6
cxd4 22. cxd4 Rc7 23. Rfc1 Rdd7 24. Ba4 Rxc1+ 25. Rxc1 Rc7 26. h3 a6 27. Rxc7
Qxc7 28. Ne8 Qc4 29. Qg5 Ng6 30. Qd8 Qd5 31. Nf6# 1-0

[Event "18. Obert Int. Sant Marti 2016 - B"]
[Site "Barcelona ESP"]
[Date "2016.07.14"]
[Round "2.50"]
[White "Molina Taberner, Jordi"]
[Black "Romero Funieles, Rafael"]
[Result "0-1"]
[WhiteElo "1529"]
[BlackElo "1774"]
[PlyCount "66"]
[EventDate "2016.07.13"]
[EventType "swiss"]
[EventRounds "9"]
[EventCountry "ESP"]
[SourceTitle "Ajedrez en Madrid"]
[Source "lmi"]
[SourceDate "2016.07.13"]
[SourceVersion "1"]
[SourceVersionDate "2019.06.21"]
[SourceQuality "1"]

1. d4 e6 2. Bf4 d5 3. e3 c6 4. Nd2 Nd7 5. Ngf3 h6 6. Bd3 Ngf6 7. c3 a6 8. Ne5
c5 9. Qc2 c4 10. Bg6 Nxe5 11. dxe5 Nd7 12. Bh5 Nc5 13. Be2 Bd7 14. b3 b5 15. b4
Na4 16. h4 Be7 17. g3 Bc6 18. Bf3 Qc7 19. O-O g5 20. Bh5 gxf4 21. exf4 Bf8 22.
Nf3 O-O-O 23. Nd4 Bd7 24. Bxf7 Qb6 25. Qg6 Nxc3 26. Nxe6 Bxe6 27. Bxe6+ Kb8 28.
Qf6 Bxb4 29. a3 Bc5 30. a4 Ne4 31. Qf5 Nxg3 32. Qc2 Qxe6 33. Rfb1 Qh3 0-1

[Event "18. Obert Int. Sant Marti 2016 - B"]
[Site "Barcelona ESP"]
[Date "2016.07.14"]
[Round "2.51"]
[White "Pascual Duran, Pau"]
[Black "Hernando Rodrigo, Lourdes"]
[Result "0-1"]
[WhiteElo "1480"]
[BlackElo "1730"]
[PlyCount "82"]
[EventDate "2016.07.13"]
[EventType "swiss"]
[EventRounds "9"]
[EventCountry "ESP"]
[SourceTitle "Ajedrez en Madrid"]
[Source "lmi"]
[SourceDate "2016.07.13"]
[SourceVersion "1"]
[SourceVersionDate "2019.06.21"]
[SourceQuality "1"]

1. e4 c5 2. Nf3 e6 3. d4 cxd4 4. Nxd4 a6 5. Bd3 Nf6 6. Qe2 Nc6 7. c3 Be7 8. O-O
Qc7 9. f4 d6 10. Nd2 O-O 11. N2f3 Bd7 12. Nxc6 Bxc6 13. e5 Bxf3 14. Rxf3 dxe5
15. fxe5 Nd5 16. Bxh7+ Kxh7 17. Rh3+ Kg8 18. Qh5 f6 19. Qg6 Qxe5 20. Bh6 Rf7
21. Bf4 Qf5 22. Qxf5 exf5 23. Bd2 Re8 24. Re1 Bc5+ 25. Kf1 Rxe1+ 26. Kxe1 Re7+
27. Kf1 Ne3+ 28. Bxe3 Bxe3 29. Rf3 f4 30. g3 fxg3 31. hxg3 Bg5 32. b3 Re3 33.
Rxe3 Bxe3 34. Ke2 Bc5 35. Kd3 Bd6 36. g4 Kf7 37. Ke4 Ke6 38. b4 g6 39. a3 f5+
40. gxf5+ gxf5+ 41. Kf3 Kd5 0-1

[Event "18. Obert Int. Sant Marti 2016 - B"]
[Site "Barcelona ESP"]
[Date "2016.07.14"]
[Round "2.52"]
[White "Subirana Santos, Marc"]
[Black "Castro Estrella, Joan Gabriel"]
[Result "1-0"]
[WhiteElo "1706"]
[BlackElo "1414"]
[PlyCount "117"]
[EventDate "2016.07.13"]
[EventType "swiss"]
[EventRounds "9"]
[EventCountry "ESP"]
[SourceTitle "Ajedrez en Madrid"]
[Source "lmi"]
[SourceDate "2016.07.13"]
[SourceVersion "1"]
[SourceVersionDate "2019.06.21"]
[SourceQuality "1"]

1. Nf3 d5 2. g3 Nf6 3. Bg2 e6 4. O-O Be7 5. d3 O-O 6. Nbd2 Nc6 7. c3 Bd7 8. e4
dxe4 9. dxe4 e5 10. Qc2 Bd6 11. Nc4 Re8 12. Bg5 b5 13. Nxd6 cxd6 14. Rad1 Re6
15. Bh3 h6 16. Bxe6 Bxe6 17. Bxf6 Qxf6 18. Nh4 Bh3 19. Rfe1 Ne7 20. Rd3 Rd8 21.
Rf3 Qe6 22. Nf5 Nxf5 23. exf5 Qd5 24. Qe4 Qxa2 25. Qh4 Qd5 26. Qe4 Qc5 27. g4
f6 28. Rxh3 d5 29. Qb4 Qc7 30. Qxb5 d4 31. cxd4 Rb8 32. Qd5+ Kf8 33. Qc5+ Qxc5
34. dxc5 Rxb2 35. Rc3 Rb7 36. c6 Rc7 37. Rd1 Ke7 38. Rd7+ Rxd7 39. cxd7 Kxd7
40. Ra3 Ke7 41. Rxa7+ Kf8 42. Kf1 Kg8 43. Ke2 Kh7 44. Ke3 e4 45. Kxe4 Kg8 46.
Kf4 Kh7 47. h4 h5 48. g5 Kg8 49. f3 Kf8 50. g6 Ke8 51. Rxg7 Kf8 52. Rf7+ Kg8
53. Rxf6 Kg7 54. Kg5 Kh8 55. Kxh5 Kg7 56. Kg5 Kh8 57. Rf7 Kg8 58. f6 Kh8 59.
Rf8# 1-0

[Event "18. Obert Int. Sant Marti 2016 - B"]
[Site "Barcelona ESP"]
[Date "2016.07.14"]
[Round "2.53"]
[White "Moreno Oller, Victor"]
[Black "Palau Fontanet, David"]
[Result "0-1"]
[WhiteElo "1380"]
[BlackElo "1703"]
[PlyCount "40"]
[EventDate "2016.07.13"]
[EventType "swiss"]
[EventRounds "9"]
[EventCountry "ESP"]
[SourceTitle "Ajedrez en Madrid"]
[Source "lmi"]
[SourceDate "2016.07.13"]
[SourceVersion "1"]
[SourceVersionDate "2019.06.21"]
[SourceQuality "1"]

1. d4 Nf6 2. c4 c5 3. d5 Ne4 4. f3 Qa5+ 5. Nd2 Nd6 6. e4 g6 7. Qc2 Na6 8. a3
Bg7 9. Rb1 b5 10. cxb5 Nxb5 11. Bxb5 Qxb5 12. b4 cxb4 13. Bb2 O-O 14. Bxg7 Kxg7
15. Ne2 Rb8 16. Qb2+ Kg8 17. Qe5 e6 18. Nf4 f6 19. Qb2 e5 20. Ne2 Nc5 0-1

[Event "18. Obert Int. Sant Marti 2016 - B"]
[Site "Barcelona ESP"]
[Date "2016.07.14"]
[Round "2.54"]
[White "Berengeno Vierge, Rodolfo"]
[Black "Gonzalez Alonso, Marti"]
[Result "1-0"]
[WhiteElo "1699"]
[BlackElo "1391"]
[PlyCount "49"]
[EventDate "2016.07.13"]
[EventType "swiss"]
[EventRounds "9"]
[EventCountry "ESP"]
[SourceTitle "Ajedrez en Madrid"]
[Source "lmi"]
[SourceDate "2016.07.13"]
[SourceVersion "1"]
[SourceVersionDate "2019.06.21"]
[SourceQuality "1"]

1. d4 d5 2. Bf4 c6 3. e3 Bf5 4. c3 e6 5. Nf3 Bd6 6. Ne5 f6 7. Nd3 Bxd3 8. Bxd3
Bxf4 9. Qh5+ Ke7 10. exf4 Nh6 11. O-O Qe8 12. Qe2 Nd7 13. Re1 Kd6 14. c4 c5 15.
cxd5 exd5 16. Qd2 Qf7 17. dxc5+ Nxc5 18. Nc3 Nxd3 19. Qxd3 Rad8 20. Red1 Kc6
21. Rac1 d4 22. Ne4+ Kb6 23. Qa3 Qf8 24. Qb3+ Ka6 25. Nc5+ 1-0

[Event "18. Obert Int. Sant Marti 2016 - B"]
[Site "Barcelona ESP"]
[Date "2016.07.14"]
[Round "2.55"]
[White "Martin Sanchez, Antoni"]
[Black "Cano Vila, Eduard"]
[Result "0-1"]
[WhiteElo "1678"]
[BlackElo "1353"]
[PlyCount "88"]
[EventDate "2016.07.13"]
[EventType "swiss"]
[EventRounds "9"]
[EventCountry "ESP"]
[SourceTitle "Ajedrez en Madrid"]
[Source "lmi"]
[SourceDate "2016.07.13"]
[SourceVersion "1"]
[SourceVersionDate "2019.06.21"]
[SourceQuality "1"]

1. d4 Nf6 2. Nf3 g6 3. Nbd2 Bg7 4. e4 d6 5. Bd3 O-O 6. O-O c5 7. c3 Qb6 8. Nc4
Qc7 9. h3 b5 10. Ne3 Bb7 11. e5 dxe5 12. dxe5 Nfd7 13. Bxb5 Nxe5 14. Nxe5 Bxe5
15. Ng4 Bd6 16. Bh6 Rd8 17. Qe2 a6 18. Bc4 Qc6 19. f4 Qe4 20. Rae1 Qxe2 21.
Rxe2 e6 22. Bg5 Rf8 23. Bh6 Rd8 24. Bg5 Rf8 25. Rd2 Bc7 26. Rfd1 Bc8 27. Bh6 f5
28. Bxf8 Kxf8 29. Ne5 Ke7 30. g3 Ra7 31. Re1 Bb6 32. Kh2 Rc7 33. Rde2 Nc6 34.
Nf3 Nd8 35. Ng5 Rc6 36. Nxh7 Nf7 37. h4 Bc7 38. Kg2 Rd6 39. Kf2 Bb6 40. Rh1 Bb7
41. Rh2 Nh6 42. Ke1 Ng4 43. Rh3 Bf3 44. Rc2 Rd1# 0-1

[Event "18. Obert Int. Sant Marti 2016 - B"]
[Site "Barcelona ESP"]
[Date "2016.07.14"]
[Round "2.56"]
[White "Gonzalez Canovas, Sebastia"]
[Black "Cassi De La Viuda, Alex"]
[Result "1-0"]
[WhiteElo "1659"]
[BlackElo "1330"]
[PlyCount "97"]
[EventDate "2016.07.13"]
[EventType "swiss"]
[EventRounds "9"]
[EventCountry "ESP"]
[SourceTitle "Ajedrez en Madrid"]
[Source "lmi"]
[SourceDate "2016.07.13"]
[SourceVersion "1"]
[SourceVersionDate "2019.06.21"]
[SourceQuality "1"]

1. c4 e5 2. Nc3 Nc6 3. g3 Bc5 4. Bg2 Nf6 5. d3 h6 6. Nf3 O-O 7. O-O d6 8. a3 a5
9. Nd2 Be6 10. Nde4 Nxe4 11. Nxe4 Bb6 12. Bd2 f5 13. Nc3 Qd7 14. e3 Rad8 15.
Nd5 Rb8 16. Nxb6 cxb6 17. Qb3 Qc7 18. Rac1 Qd8 19. Bc3 f4 20. Bd5 Bxd5 21. cxd5
Ne7 22. exf4 exf4 23. Rce1 f3 24. Re6 Qd7 25. Rfe1 Rf7 26. Bd2 Rbf8 27. Qc4 Rf6
28. Bf4 Rxe6 29. Rxe6 Re8 30. Qe4 Kf7 31. Qxf3 Nc8 32. Bxh6+ Kg8 33. Rxe8+ Qxe8
34. Bg5 Qf7 35. Qxf7+ Kxf7 36. a4 Kg6 37. Bd8 Kf5 38. f4 Kg4 39. Kg2 Kf5 40.
Kf3 Kg6 41. g4 Kf7 42. f5 Ke8 43. Bh4 Kf7 44. Kf4 Kg8 45. Kg5 Kf7 46. Kf4 Kg8
47. f6 g6 48. Kg5 Kh7 49. Bg3 1-0